| 000 | 01247nam a2200337 a 4500 | ||
|---|---|---|---|
| 001 | 000113346 | ||
| 003 | CHAP | ||
| 005 | 20220329144350.0 | ||
| 008 | 170609s2016 mx a fsm |||||||spa d | ||
| 010 | _a109807 | ||
| 011 | _a110779 | ||
| 040 | _cCHAP | ||
| 090 | _aTesis | ||
| 100 | 1 |
_aRamírez Padrón, Laura Cecilia _993830 |
|
| 245 | 1 | 0 |
_aAnálisis de la competitividad de la fresa (Fragaria vesca L.) producida en México en el mercado mundial / _h[En línea] _cpor Laura Cecilia Ramírez Padrón. |
| 260 |
_aChapingo, Méx. : _bEl autor, _c2016. |
||
| 500 | _aPara ver el contenido del material haga clic en la liga | ||
| 502 | _aTesis (Ph. D. en Economía Agrícola) -- UACH. Departamento de Economía Agrícola | ||
| 590 |
_aE11695DGD _b10 _c20170611 _lUCH01 _h1432 |
||
| 590 |
_aE8697GMM _b05 _c20170609 _lUCH01 _h1151 |
||
| 590 |
_aE8697GMM _b05 _c20170609 _lUCH01 _h1208 |
||
| 650 | 1 | 4 |
_aFresa _xAspectos económicos. _943189 |
| 650 | 1 | 4 |
_aFresa _xExportación. _943206 |
| 650 | 1 | 4 |
_aFresa _xMercadeo. _943221 |
| 650 | 1 | 4 |
_aFresa _xPrecios. _943227 |
| 650 | 1 | 4 |
_aFresa _xSistemas de producción. _9131497 |
| 856 |
_aFinding aid _uhttp://10.13.5.2/tesis/sist113346.pdf _zTeclea aquí |
||
| 901 | _aBK | ||
| 942 | _cTESIS | ||
| 942 | _n0 | ||
| 999 |
_c109807 _d109807 |
||